Quick Pick: Author Initials Quiz Stats

 Plays Quiz Updated Dec 31, 2016

Support Sporcle.
Go Orange.
Score 0/12 Timer 01:30
0 Plays Today
% Correct
Harry Potter and the Sorcerer's Stone
94.5%
The Fellowship of the Ring
90.7%
The Catcher in the Rye
88.4%
The War of the Worlds
86%
The Lion, the Witch, and the Wardrobe
85.6%
Charlotte's Web
84.4%
Winnie-the-Pooh
84.2%
Lady Chatterley's Lover
75.9%
Peter Pan
74.9%
Night of the Living Dummy
62.7%
The Wasteland
60.3%
The Call of Cthulhu
56.1%

Today's Daily Dose

You're not logged in!

Compare scores with friends on all Sporcle quizzes.
OR
Log In
Forgot?

From the Vault

Movies by Plot Keywords

by AdamL

Typing; Timer; Screaming; Frustration; Satisfaction
Remove Ads.
Support Sporcle.
Get the best of Sporcle when you Go Orange. This ad-free experience offers more features, more stats, and more fun while also helping to support Sporcle. Thank you for becoming a member.

Show Comments

Extras

Top Quizzes Today


Score Distribution

Your Account Isn't Verified!

In order to create a playlist on Sporcle, you need to verify the email address you used during registration. Go to your Sporcle Settings to finish the process.

Report this User

Report this user for behavior that violates our Community Guidelines.

Details: